• 首页
  • 本馆介绍
  • 公告通知
  • 最新文献
  • 馆藏检索
  • 电子资源
  • 读者导购
  • 参考咨询
  • 我的图书馆
  • 登录
  • 详细信息显示
  • 放入我的书架
  • 预约/预借图书
  • 作者相关作品
  • 分类相关作品
  • 丛书相关作品
  • 出版社相关作品

书目信息

  • 表格格式
  • 工作单格式
  • 卡片格式
题名:
商业成长计划速成教程
    
 
作者: 沃尔科夫 著 ;王宝泉 , 刘静波 译
分册:  
出版信息: 海口   海南出版社  2002
页数: 192页
开本: 21cm
丛书名:
单 册:
中图分类: F712.1
科图分类:
主题词: 商业经济--国内
电子资源:
ISBN: 7-5443-0388-8
000 01010nam0 2200265 45
001 002304807
005 20051027160432.68
010    @a7-5443-0388-8@dCNY16.00
092    @aCN
100    @a20030219d2002 em y0chiy0110 ea
101 1  @achi@ceng
102    @aCN@b460000
105    @aa z 000yy
200 1  @a商业成长计划速成教程@AShang Ye Cheng Zhang Ji Hua Su Cheng Jiao Cheng@dThe Fast Forward MBA in Bussiness Planning for Growth@f(美)菲利普·沃尔科夫著@F(Mei)Fei Li Pu·Wo Er Ke Fu Zhu@g王宝泉,刘静波译
210    @a海口@c海南出版社@d2002
215    @a192页@c图@d21cm
330    @a本书分为商业计划过程、识别问题、制订计划、管理计划四部分,其重点在于如何准备自己的商业计划,如何实现公司的增长。
517 1  @aMBA实务——商业成长计划@AMBA shi wu — — shang ye cheng zhang ji hua
606 0  @a商业经济@x国内
690    @aF712.1@v4
701  0 @a沃尔科夫@4著
702  0 @a王宝泉@Awang bao quan@4译
702  0 @a刘静波@Aliu jing bo@4译
801  0 @aCN@bNLC@c20051027
905    @a10447@dF712.1@e88
    
    商业成长计划速成教程=The Fast Forward MBA in Bussiness Planning for Growth/(美)菲利普·沃尔科夫著/王宝泉,刘静波译.-海口:海南出版社,2002
    192页:图;21cm
    
    
    ISBN 7-5443-0388-8:CNY16.00
    本书分为商业计划过程、识别问题、制订计划、管理计划四部分,其重点在于如何准备自己的商业计划,如何实现公司的增长。
●
相关链接 在E读中查询图书 在五车中查询图书 在当当中查询图书 在豆瓣中查询图书


正题名:商业成长计划速成教程     索取号:F712.1/88         预约/预借

序号 登录号 条形码 馆藏地/架位号 状态 备注
1 0337083   203370832   第一借阅区/ [索取号:F712.1/88] 在馆    
2 0337084   203370841   密集书库/ [索取号:F712.1/88] 在馆    
3 0337085   203370850   第一借阅区/ [索取号:F712.1/88] 在馆    
4 0344344   203443443   第一样本阅览室/ [索取号:F712.1/88] 在馆    
5 0344345   203443452   密集书库/ [索取号:F712.1/88] 在馆    
6 0344346   203443461   第一借阅区/ [索取号:F712.1/88] 在馆    
唐山师范学院图书馆 欢迎您!
大连网信软件有限公司© 版权所有